| Tag |
First Indicator |
Second Indicator |
Subfields |
| LEADER |
00000cam a2200000 a 4500 |
| 001 |
in00000016615 |
| 005 |
20151007052821.0 |
| 008 |
870706s1986 enk b 00010 eng d |
| 010 |
|
|
|a 86082406
|
| 020 |
|
|
|a 0729302601
|
| 035 |
|
|
|a (OCoLC)16134079
|
| 035 |
|
|
|9 AAA9308AM
|
| 040 |
|
|
|a OUN
|c OUN
|d TXA
|d UtOrBLW
|
| 049 |
|
|
|a TXAM
|c [A11049349]
|
| 050 |
|
4 |
|a PT1863
|b .E36 1986
|
| 100 |
1 |
|
|a Radcliffe, S.
|q (Stanley)
|
| 245 |
1 |
0 |
|a Fontane, Effi Briest /
|c Stanley Radcliffe.
|
| 264 |
|
1 |
|a London ;
|a Wolfeboro, N.H. :
|b Grant & Cutler,
|c 1986.
|
| 300 |
|
|
|a 81 pages ;
|c 20 cm.
|
| 336 |
|
|
|a text
|b txt
|2 rdacontent
|
| 337 |
|
|
|a unmediated
|b n
|2 rdamedia
|
| 338 |
|
|
|a volume
|b nc
|2 rdacarrier
|
| 490 |
1 |
|
|a Critical guides to German texts ;
|v 6
|
| 504 |
|
|
|a Bibliography: pages [80]-81.
|
| 600 |
1 |
0 |
|a Fontane, Theodor,
|d 1819-1898.
|t Effi Briest.
|
| 830 |
|
0 |
|a Critical guides to German texts ;
|v 6.
|
| 999 |
|
|
|a MARS
|
| 999 |
f |
f |
|s 42e958c5-2a6f-3e4c-a8ae-49c0d84b3e73
|i 75d86b05-eaa8-3c06-a63b-a0c28ad6d0d5
|t 0
|
| 952 |
f |
f |
|p normal
|a Texas A&M University
|b College Station
|c Sterling C. Evans Library
|d Evans: Library Stacks
|t 0
|e PT1863 .E36 1986
|h Library of Congress classification
|i unmediated -- volume
|m A14811049349
|
| 998 |
f |
f |
|a PT1863 .E36 1986
|t 0
|l Evans: Library Stacks
|